000
00210nam a22001097a 4500
041
_a
eng
080
_a
80
100
_a
Hionides, Harry T.
245
_a
Greek dictionary.
650
_a
Reference
999
_c
279748
_d
279748
942
_c
BK